[Event "IECG CP-2005-P-00065"]
[Site "IECG email"]
[Date "2005.10.01"]
[Round "?"]
[White "Marfia, Jim"]
[Black "Garcia Medinilla, Daniel"]
[Result "1/2-1/2"]
[WhiteElo "1989"]
[BlackElo "1600"]
[PlyCount "113"]
[EventDate "2005.??.??"]
[EventType "tourn (corr)"]
[EventRounds "6"]
[SourceTitle "Corr 2024"]
[Source "ChessBase"]
[SourceDate "2023.10.19"]
[SourceVersion "1"]
[SourceVersionDate "2023.10.19"]
[SourceQuality "1"]

1. e4 c5 2. c3 d5 3. exd5 Qxd5 4. d4 Nf6 5. Nf3 Bg4 6. Nbd2 cxd4 7. Bc4 Qd7 8. Qb3 e6 9. Ne5 Qc7 10. cxd4 Nc6 11. Bb5 Bd6 12. Ndc4 0-0 13. Bxc6 bxc6 14. 0-0 Rab8 15. Qg3 Be2 16. Nxd6 Bxf1 17. Nexf7 Rxf7 18. Nxf7 Qxg3 19. hxg3 Kxf7 20. Kxf1 Rb4 21. b3 Rxd4 22. Be3 Rd7 23. Rc1 Ng4 24. Rxc6 Nxe3+ 25. fxe3 Kf6 26. Ke2 Ke5 27. Ra6 Rc7 28. Ra4 Rd7 29. e4 Rc7 30. Kd3 Kf6 31. Ra5 Re7 32. Kd4 Rd7+ 33. Ke3 Re7 34. b4 e5 35. Ra3 Rb7 36. Ra6+ Kg5 37. Re6 Kg4 38. a3 h6 39. Rxe5 Kxg3 40. Rf5 g5 41. e5 Kxg2 42. Ke4 g4 43. e6 g3 44. Rf7 Rb8 45. Rh7 Rg8 46. Rxh6 Kf2 47. Kd5 g2 48. Rh2 Rh8 49. Rxg2+ Kxg2 50. e7 Kf3 51. b5 Ke3 52. a4 Kd3 53. a5 Kc3 54. b6 axb6 55. axb6 Kb4 56. Kc6 Ka5 57. Kd7 1/2-1/2

[Event "CFriend WC-2004-F-00009"]
[Site "Chessfriend.com"]
[Date "2005.05.16"]
[Round "1"]
[White "Lanin, Boris Aleksandrovic"]
[Black "Marfia, Jim"]
[Result "1/2-1/2"]
[WhiteElo "2030"]
[BlackElo "1963"]
[PlyCount "41"]
[EventDate "2005.??.??"]
[EventType "tourn (corr)"]
[EventRounds "6"]
[SourceTitle "Corr 2008"]
[Source "ChessBase"]
[SourceDate "2008.06.24"]
[SourceVersion "1"]
[SourceVersionDate "2008.06.24"]
[SourceQuality "1"]

1. e4 c5 2. Nc3 Nc6 3. g3 g6 4. Bg2 Bg7 5. d3 e6 6. f4 Nge7 7. Nf3 0-0 8. 0-0 d6 9. Be3 Nd4 10. Bf2 Nxf3+ 11. Bxf3 Nc6 12. Bg2 b6 13. e5 Bb7 14. exd6 Qxd6 15. Ne4 Qd7 16. Rb1 f5 17. Ng5 Rfe8 18. Re1 h6 19. Nf3 e5 20. fxe5 Nxe5 21. Nxe5 1/2-1/2

[Event "CFriend WC-2004-F-00009"]
[Site "Chessfriend.com"]
[Date "2005.05.16"]
[Round "1"]
[White "Marfia, Jim"]
[Black "Aberbach Peltzman, Angel Sergio"]
[Result "0-1"]
[WhiteElo "1963"]
[BlackElo "2156"]
[PlyCount "102"]
[EventDate "2005.??.??"]
[EventType "tourn (corr)"]
[EventRounds "6"]
[SourceTitle "Corr 2008"]
[Source "ChessBase"]
[SourceDate "2008.06.24"]
[SourceVersion "1"]
[SourceVersionDate "2008.06.24"]
[SourceQuality "1"]

1. e4 e6 2. d4 d5 3. Nc3 Bb4 4. e5 c5 5. a3 Bxc3+ 6. bxc3 Ne7 7. Qg4 Qc7 8. Qxg7 Rg8 9. Qxh7 cxd4 10. Kd1 Nbc6 11. Nf3 dxc3 12. Ng5 Nxe5 13. Bf4 Qb6 14. Bxe5 Rxg5 15. Bxc3 Rg8 16. Bf6 Qxf2 17. Bb5+ Bd7 18. Rf1 Qc5 19. Bxd7+ Kxd7 20. Rb1 Rxg2 21. Bxe7 Qc4 22. Qd3 Qxd3+ 23. cxd3 Kxe7 24. Rxb7+ Kd6 25. Rfxf7 Rh8 26. Rh7 Rf8 27. Rhf7 Rxf7 28. Rxf7 a5 29. Ra7 Ke5 30. Rxa5 Kd4 31. Rb5 Rxh2 32. Rb3 Ra2 33. Kc1 e5 34. Kd1 Ke3 35. Kc1 d4 36. Kb1 Rh2 37. a4 e4 38. dxe4+ d3 39. Kc1 Rc2+ 40. Kb1 Ke2 41. Rb4 Rc8 42. Rd4 d2 43. Kb2 d1Q 44. Rxd1 Kxd1 45. Kb3 Kd2 46. Kb4 Kd3 47. e5 Kd4 48. Kb5 Kd5 49. Kb6 Rb8+ 50. Ka7 Rb2 51. a5 Kxe5 0-1

[Event "CFriend WC-2004-F-00009"]
[Site "Chessfriend.com"]
[Date "2005.05.16"]
[Round "1"]
[White "Marfia, Jim"]
[Black "Ottenweller, Wolfgang"]
[Result "1/2-1/2"]
[WhiteElo "1963"]
[BlackElo "2003"]
[PlyCount "103"]
[EventDate "2005.??.??"]
[EventType "tourn (corr)"]
[EventRounds "6"]
[SourceTitle "Corr 2008"]
[Source "ChessBase"]
[SourceDate "2008.06.24"]
[SourceVersion "1"]
[SourceVersionDate "2008.06.24"]
[SourceQuality "1"]

1. e4 c5 2. Nf3 e6 3. d4 cxd4 4. Nxd4 Nf6 5. Nc3 a6 6. e5 Ng8 7. Bd3 d6 8. exd6 Nf6 9. Qe2 Bxd6 10. Nf5 0-0 11. Nxd6 Qxd6 12. 0-0 Nc6 13. Bg5 Nd4 14. Qe3 Ng4 15. Qh3 f5 16. Rad1 Qb6 17. Be7 Rf7 18. Ba3 Bd7 19. Qg3 Bc6 20. h3 Nf6 21. Qe3 Rd7 22. Qe5 Qc7 23. Qxc7 Rxc7 24. Rfe1 Kf7 25. Bd6 Rd7 26. Bc5 Re8 27. f4 h6 28. Bb6 g5 29. fxg5 hxg5 30. a4 Kg7 31. b4 e5 32. b5 axb5 33. axb5 Be4 34. Bxe4 fxe4 35. Rc1 Re6 36. Ba5 b6 37. Bb4 Kg6 38. Nxe4 Nxb5 39. c4 Nd4 40. Bc3 Nh5 41. c5 Nf4 42. cxb6 Rxb6 43. Bxd4 Rxd4 44. Rc8 Rb2 45. Rc6+ Kg7 46. Kh1 Nxg2 47. Ra1 Rd7 48. Rg1 Rd3 49. Nxg5 Rg3 50. h4 Rg4 51. Ra1 Rb7 52. Ne6+ 1/2-1/2

[Event "CFriend WC-2004-F-00009"]
[Site "Chessfriend.com"]
[Date "2005.05.16"]
[Round "1"]
[White "Marfia, Jim"]
[Black "Quinones Borda, Jorge Victor"]
[Result "0-1"]
[WhiteElo "1963"]
[BlackElo "2120"]
[PlyCount "66"]
[EventDate "2005.??.??"]
[EventType "tourn (corr)"]
[EventRounds "6"]
[SourceTitle "Corr 2008"]
[Source "ChessBase"]
[SourceDate "2008.06.24"]
[SourceVersion "1"]
[SourceVersionDate "2008.06.24"]
[SourceQuality "1"]

1. e4 e5 2. Nc3 Nf6 3. Bc4 Nc6 4. d3 Na5 5. Nge2 Be7 6. Ng3 d6 7. 0-0 0-0 8. a4 Nxc4 9. dxc4 Be6 10. b3 c6 11. Ba3 Re8 12. Re1 Qc7 13. Qf3 Bg4 14. Qe3 a6 15. f3 Be6 16. Red1 Rad8 17. Rd3 h5 18. Rad1 h4 19. Nf5 Bxf5 20. exf5 b5 21. axb5 axb5 22. cxb5 d5 23. Bxe7 Qxe7 24. Qf2 cxb5 25. Nxd5 Nxd5 26. Rxd5 Rxd5 27. Rxd5 h3 28. Rxb5 Qg5 29. g4 e4 30. Rd5 Qc1+ 31. Qf1 Qxc2 32. Rd1 exf3 33. Qxf3 Re3 0-1

[Event "CFriend WC-2004-F-00009"]
[Site "Chessfriend.com"]
[Date "2005.05.16"]
[Round "1"]
[White "Rahde, Frank"]
[Black "Marfia, Jim"]
[Result "1-0"]
[WhiteElo "2107"]
[BlackElo "1963"]
[PlyCount "115"]
[EventDate "2005.??.??"]
[EventType "tourn (corr)"]
[EventRounds "6"]
[SourceTitle "Corr 2008"]
[Source "ChessBase"]
[SourceDate "2008.06.24"]
[SourceVersion "1"]
[SourceVersionDate "2008.06.24"]
[SourceQuality "1"]

1. c4 g6 2. Nc3 Bg7 3. e4 d6 4. g3 c5 5. Bg2 Nc6 6. Nge2 e6 7. 0-0 Nge7 8. d3 0-0 9. Rb1 b6 10. a3 Bb7 11. b4 Qd7 12. Be3 Nd4 13. f4 f5 14. Qd2 Rac8 15. Rfd1 Rfd8 16. Qa2 e5 17. Bh3 exf4 18. gxf4 Nxe2+ 19. Nxe2 Qe6 20. Qd2 Qf7 21. Rbc1 Rc7 22. Bg2 cxb4 23. axb4 fxe4 24. dxe4 Rxc4 25. Bd4 Bh6 26. b5 Rdc8 27. Rxc4 Rxc4 28. Ra1 Nc8 29. Ra3 Bg7 30. Bh3 Qe8 31. Re3 Qe7 32. Bxg7 Kxg7 33. Nd4 Kh8 34. Ne6 Qf6 35. e5 dxe5 36. Rd3 Ne7 37. Rd8+ Ng8 38. Qd7 Rc8 39. Rxc8 Bxc8 40. Qxc8 exf4 41. Qb8 Qa1+ 42. Bf1 f3 43. Qf4 Qf6 44. Qd4 h6 45. Kf2 g5 46. Qxf6+ Nxf6 47. Kxf3 Kg8 48. Bc4 Kh7 49. Nd8 Kg6 50. Bd3+ Kh5 51. Kg3 g4 52. Nc6 Kg5 53. Nxa7 h5 54. h4+ gxh3 55. Nc8 h2 56. Kxh2 Nd7 57. Bf1 Kf4 58. Bh3 1-0

[Event "IECG WC.2008.P.00019 email"]
[Site "IECG email"]
[Date "2004.03.05"]
[Round "?"]
[White "Marfia, Jim"]
[Black "Ribeiro, Rogerio"]
[Result "0-1"]
[WhiteElo "2044"]
[BlackElo "1515"]
[PlyCount "78"]
[EventDate "2004.03.05"]
[EventType "tourn (corr)"]
[EventRounds "6"]
[SourceTitle "Corr 2008"]
[Source "ChessBase"]
[SourceDate "2008.06.24"]
[SourceVersion "1"]
[SourceVersionDate "2008.06.24"]
[SourceQuality "1"]

1. e4 c5 2. Nf3 d6 3. d4 cxd4 4. Nxd4 Nf6 5. Nc3 a6 6. Bg5 e6 7. f4 Qb6 8. Qd2 Qxb2 9. Nb3 Qa3 10. Bxf6 gxf6 11. Bd3 Nc6 12. 0-0 Bd7 13. Kh1 Bg7 14. Rf3 0-0 15. Rg3 Kh8 16. Be2 Rad8 17. Rd1 Bc8 18. Rd3 h6 19. Rxd6 f5 20. Rd3 Qb4 21. e5 f6 22. Rxd8 Rxd8 23. Qxd8+ Nxd8 24. Rxd8+ Kh7 25. Rxc8 fxe5 26. Rc4 Qd6 27. fxe5 Qxe5 28. Nd2 b5 29. Nf3 Qe3 30. Rc7 b4 31. Bxa6 Qb6 32. Nb5 Qxa6 33. Nbd4 Kh8 34. Nb3 Bc3 35. h4 Qxa2 36. Rc8+ Kh7 37. Nc5 e5 38. Rc7+ Kg8 39. Rc8+ Kf7 0-1

[Event "IECG CP.2003.P.00054 email"]
[Site "IECG email"]
[Date "2003.10.01"]
[Round "?"]
[White "Marfia, Jim"]
[Black "Cross, Andrew"]
[Result "1-0"]
[WhiteElo "2057"]
[BlackElo "1569"]
[PlyCount "65"]
[EventDate "2003.10.01"]
[EventType "tourn (corr)"]
[EventRounds "6"]
[EventCountry "NED"]
[SourceTitle "Corr 2008"]
[Source "ChessBase"]
[SourceDate "2008.06.24"]
[SourceVersion "1"]
[SourceVersionDate "2008.06.24"]
[SourceQuality "1"]

1. e4 c5 2. Nf3 e6 3. d4 cxd4 4. Nxd4 a6 5. Bd3 Bc5 6. Nb3 Be7 7. 0-0 d6 8. c4 Nf6 9. Nc3 b6 10. f4 Nc6 11. Be3 Bb7 12. Qf3 0-0 13. Rad1 Qc7 14. Qh3 Rad8 15. Bb1 g6 16. f5 exf5 17. exf5 Ne5 18. Nd5 Bxd5 19. cxd5 Rc8 20. Nd4 Qd7 21. Bh6 Rfe8 22. fxg6 hxg6 23. Nf5 Nh7 24. Bg7 f6 25. Rde1 Rc7 26. Qh6 Bf8 27. Rxe5 dxe5 28. Qxg6 Bxg7 29. d6 Ra7 30. Nh6+ Kf8 31. Qxh7 Qe6 32. Bc2 Rd7 33. Bb3 1-0

[Event "IECG CP.2003.P.00054 email"]
[Site "IECG email"]
[Date "2003.10.01"]
[Round "?"]
[White "Marfia, Jim"]
[Black "Loktayev, Vladislav"]
[Result "1-0"]
[WhiteElo "2057"]
[BlackElo "1908"]
[PlyCount "39"]
[EventDate "2003.10.01"]
[EventType "tourn (corr)"]
[EventRounds "6"]
[EventCountry "NED"]
[SourceTitle "Corr 2008"]
[Source "ChessBase"]
[SourceDate "2008.06.24"]
[SourceVersion "1"]
[SourceVersionDate "2008.06.24"]
[SourceQuality "1"]

1. e4 c5 2. c3 Nf6 3. e5 Nd5 4. Nf3 e6 5. d4 cxd4 6. cxd4 d6 7. a3 Bd7 8. Bd3 Bc6 9. 0-0 Nd7 10. b4 a6 11. Re1 Rc8 12. Ng5 Be7 13. Qh5 Bxg5 14. Bxg5 Qb6 15. Nd2 Qxd4 16. Nc4 Nxe5 17. Nxd6+ Kd7 18. Nc4 g6 19. Qh4 Ng4 20. Qxg4 1-0

[Event "IECG CP.2002.Q.00019 email"]
[Site "IECG email"]
[Date "2003.10.01"]
[Round "?"]
[White "Marfia, Jim"]
[Black "Roman, Eduardo Luis"]
[Result "1/2-1/2"]
[WhiteElo "2057"]
[BlackElo "2162"]
[PlyCount "101"]
[EventDate "2003.10.01"]
[EventType "tourn (corr)"]
[EventRounds "10"]
[SourceTitle "Corr 2008"]
[Source "ChessBase"]
[SourceDate "2008.06.24"]
[SourceVersion "1"]
[SourceVersionDate "2008.06.24"]
[SourceQuality "1"]

1. e4 e5 2. Nf3 Nc6 3. Bb5 a6 4. Bxc6 dxc6 5. 0-0 Qd6 6. d3 Ne7 7. Nbd2 Ng6 8. Nc4 Qf6 9. d4 exd4 10. Qxd4 Qxd4 11. Nxd4 c5 12. Nf5 Be6 13. Nce3 Nf4 14. Re1 0-0-0 15. Nf1 Nh5 16. b3 g6 17. Bb2 Rg8 18. N5e3 Be7 19. g3 Rge8 20. f3 c6 21. Rad1 Nf6 22. Nd2 b5 23. Kf2 Rd7 24. Ke2 Red8 25. c4 Ne8 26. f4 f6 27. g4 Bf7 28. Rf1 h5 29. h3 Bg8 30. f5 gxf5 31. exf5 Nd6 32. Bc3 Re8 33. Rfe1 Bd8 34. Kf2 Rh7 35. Rh1 Rhe7 36. Rde1 Rd7 37. Re2 Rh7 38. Rhe1 hxg4 39. hxg4 Bf7 40. Kg3 Reh8 41. Rg2 Rh3+ 42. Kf2 bxc4 43. bxc4 Nxc4 44. Ndxc4 Bxc4 45. g5 Bxa2 46. Bxf6 Bxf6 47. gxf6 Kc7 48. Ra1 Bd5 49. Nxd5+ cxd5 50. Rxa6 R3h5 51. Rg7+ 1/2-1/2

[Event "IECG CP.2002.Q.00019 email"]
[Site "IECG email"]
[Date "2003.10.01"]
[Round "?"]
[White "Milde, Lars"]
[Black "Marfia, Jim"]
[Result "1/2-1/2"]
[WhiteElo "1864"]
[BlackElo "2057"]
[PlyCount "120"]
[EventDate "2003.10.01"]
[EventType "tourn (corr)"]
[EventRounds "10"]
[SourceTitle "Corr 2008"]
[Source "ChessBase"]
[SourceDate "2008.06.24"]
[SourceVersion "1"]
[SourceVersionDate "2008.06.24"]
[SourceQuality "1"]

1. e4 Nc6 2. d4 e5 3. d5 Nce7 4. c4 Ng6 5. g3 Bc5 6. Nc3 Nf6 7. Bg2 d6 8. Nf3 c6 9. Qe2 cxd5 10. cxd5 Bd7 11. 0-0 a6 12. Bg5 0-0 13. h3 b5 14. a3 h6 15. Be3 Qb6 16. Bxc5 Qxc5 17. Rfc1 Rfc8 18. Rc2 Qb6 19. Rac1 a5 20. Nd2 b4 21. Nd1 Rxc2 22. Rxc2 Bb5 23. Qe3 Qb8 24. Qf3 Ra7 25. Ne3 Bd3 26. Rc1 bxa3 27. bxa3 Qb2 28. Rc8+ Kh7 29. Nef1 Ne7 30. Rd8 Qb6 31. Qe3 Qxd8 32. Qxa7 Kg8 33. Ne3 Nc8 34. Qa8 Qc7 35. Bf1 Bxf1 36. Kxf1 Kh7 37. Qc6 Qb8 38. Qa6 Qc7 39. Nec4 Qd7 40. Kg2 a4 41. Nb6 Nxb6 42. Qxb6 h5 43. f3 h4 44. g4 Qc8 45. Qc6 Qb8 46. Qxa4 Qb2 47. Qb4 Qc2 48. Kf1 Qd1+ 49. Kf2 Nd7 50. Qc3 Nf8 51. f4 Ng6 52. fxe5 Nf4 53. Qe3 Nxh3+ 54. Qxh3 Qxd2+ 55. Kg1 Qd4+ 56. Kf1 Qa1+ 57. Kg2 Qb2+ 58. Kh1 Qa1+ 59. Kg2 Qb2+ 60. Kh1 Qa1+ 1/2-1/2

[Event "IECG CP.2002.Q.00019 email"]
[Site "IECG email"]
[Date "2003.10.01"]
[Round "?"]
[White "Ottaviani, Mauro"]
[Black "Marfia, Jim"]
[Result "1-0"]
[WhiteElo "1942"]
[BlackElo "2057"]
[PlyCount "57"]
[EventDate "2003.10.01"]
[EventType "tourn (corr)"]
[EventRounds "10"]
[SourceTitle "Corr 2008"]
[Source "ChessBase"]
[SourceDate "2008.06.24"]
[SourceVersion "1"]
[SourceVersionDate "2008.06.24"]
[SourceQuality "1"]

1. e4 Nc6 2. Nf3 d6 3. d4 Nf6 4. Nc3 Bg4 5. Be3 e5 6. Bb5 Nd7 7. dxe5 dxe5 8. Qd5 Be6 9. Qd2 h6 10. 0-0-0 Bd6 11. Qe2 a6 12. Bc4 Qf6 13. h3 0-0 14. Bd5 Nc5 15. g4 Bd7 16. g5 hxg5 17. Rhg1 Ne6 18. Bxe6 fxe6 19. Nxg5 Qg6 20. h4 Nd4 21. Qg4 Rae8 22. h5 Qf6 23. Rh1 Nf3 24. h6 Nxg5 25. hxg7 Qxg7 26. Bxg5 Rxf2 27. Rhg1 Ref8 28. Qh4 Qg6 29. Rg4 1-0

[Event "IECG CP.2003.P.00054 email"]
[Site "IECG email"]
[Date "2003.10.01"]
[Round "?"]
[White "Vaassen, Jack M"]
[Black "Marfia, Jim"]
[Result "1-0"]
[WhiteElo "2225"]
[BlackElo "2057"]
[PlyCount "55"]
[EventDate "2003.10.01"]
[EventType "tourn (corr)"]
[EventRounds "6"]
[EventCountry "NED"]
[SourceTitle "Corr 2008"]
[Source "ChessBase"]
[SourceDate "2008.06.24"]
[SourceVersion "1"]
[SourceVersionDate "2008.06.24"]
[SourceQuality "1"]

1. e4 Nc6 2. Nf3 d6 3. d4 Nf6 4. Nc3 Bg4 5. Bb5 a6 6. Bxc6+ bxc6 7. h3 Bh5 8. Bg5 e6 9. g4 Bg6 10. e5 dxe5 11. Nxe5 Bb4 12. 0-0 Bxc3 13. bxc3 c5 14. Re1 0-0 15. h4 Qd6 16. h5 Ne4 17. Bf4 Nxc3 18. Qd2 Qxd4 19. Qxd4 cxd4 20. hxg6 fxg6 21. Bg3 Rfb8 22. Nc6 Rb2 23. Nxd4 c5 24. Nxe6 Rxc2 25. Kg2 Ne2 26. a4 Nxg3 27. Kxg3 c4 28. Rad1 1-0

[Event "IECG WC.2006.P.00013 email"]
[Site "IECG email"]
[Date "2003.01.22"]
[Round "?"]
[White "Borst, John C"]
[Black "Marfia, Jim"]
[Result "0-1"]
[WhiteElo "2049"]
[BlackElo "2072"]
[PlyCount "42"]
[EventDate "2003.01.22"]
[EventType "tourn (corr)"]
[EventRounds "10"]
[SourceTitle "Corr 2008"]
[Source "ChessBase"]
[SourceDate "2008.06.24"]
[SourceVersion "1"]
[SourceVersionDate "2008.06.24"]
[SourceQuality "1"]

1. e4 c5 2. Nf3 Nc6 3. d4 cxd4 4. Nxd4 g6 5. c4 Bg7 6. Be3 Nf6 7. Nc3 0-0 8. Be2 d6 9. 0-0 Bd7 10. Rc1 Nxd4 11. Bxd4 Bc6 12. Qd3 a5 13. Rfd1 a4 14. Qe3 Nd7 15. Bxg7 Kxg7 16. Nd5 e5 17. Rd2 Bxd5 18. Rxd5 Nf6 19. Rd2 Qc7 20. Rcd1 Qc5 21. f3 Qxe3+ 0-1

[Event "IECG WC.2006.P.00013 email"]
[Site "IECG email"]
[Date "2003.01.22"]
[Round "?"]
[White "Marfia, Jim"]
[Black "Mann, Derek"]
[Result "1-0"]
[WhiteElo "2072"]
[BlackElo "1735"]
[PlyCount "93"]
[EventDate "2003.01.22"]
[EventType "tourn (corr)"]
[EventRounds "10"]
[SourceTitle "Corr 2008"]
[Source "ChessBase"]
[SourceDate "2008.06.24"]
[SourceVersion "1"]
[SourceVersionDate "2008.06.24"]
[SourceQuality "1"]

1. e4 e5 2. Nf3 Nc6 3. d4 exd4 4. Nxd4 Nf6 5. Nxc6 bxc6 6. e5 Qe7 7. Qe2 Nd5 8. Nd2 Bb7 9. c4 Nb6 10. b3 g6 11. Bb2 Bg7 12. 0-0-0 0-0 13. f4 c5 14. Ne4 d6 15. Re1 Rae8 16. Qf2 Bxe4 17. Rxe4 dxe5 18. fxe5 Nd7 19. Kc2 Bxe5 20. g3 f5 21. Re1 Qd6 22. Rd1 Qf6 23. Bxe5 Qxe5 24. Bg2 Nf6 25. Rhe1 Ne4 26. Qe3 c6 27. Rd7 Rf7 28. Rxf7 Kxf7 29. Rd1 Re7 30. Bxe4 Kg7 31. Qc3 Qxc3+ 32. Kxc3 fxe4 33. a4 Kf6 34. Rf1+ Kg5 35. Kd2 Kg4 36. Ke3 Kh3 37. Rf2 Rb7 38. Rb2 Kg4 39. Kxe4 Re7+ 40. Kd3 Kf3 41. Rb1 Re3+ 42. Kc2 Re2+ 43. Kc3 Rxh2 44. Rd1 g5 45. Rd7 h5 46. Rxa7 Kxg3 47. Ra5 1-0

[Event "IECG WC.2006.P.00013 email"]
[Site "IECG email"]
[Date "2003.01.22"]
[Round "?"]
[White "Marfia, Jim"]
[Black "Speisser, Patrick"]
[Result "1-0"]
[WhiteElo "2072"]
[BlackElo "2173"]
[PlyCount "179"]
[EventDate "2003.01.22"]
[EventType "tourn (corr)"]
[EventRounds "10"]
[SourceTitle "Corr 2008"]
[Source "ChessBase"]
[SourceDate "2008.06.24"]
[SourceVersion "1"]
[SourceVersionDate "2008.06.24"]
[SourceQuality "1"]

1. e4 e5 2. Nf3 Nc6 3. Bb5 a6 4. Ba4 Nf6 5. 0-0 b5 6. Bb3 d6 7. c3 Be7 8. d4 0-0 9. Re1 Bg4 10. Be3 exd4 11. cxd4 Na5 12. Bc2 Nc4 13. Bc1 c5 14. b3 Nb6 15. Nbd2 Rc8 16. h3 Bh5 17. g4 Bg6 18. d5 Nfd7 19. Nf1 Bf6 20. Rb1 Re8 21. Ng3 Ne5 22. Nh2 h6 23. f4 Ned7 24. Nf3 c4 25. Re2 Bc3 26. Be3 b4 27. Nd4 Qc7 28. Bf2 cxb3 29. axb3 Nxd5 30. Nb5 axb5 31. Qxd5 Qb8 32. Rd1 Nf6 33. Qxd6 Qa8 34. f5 Rcd8 35. Qb6 Rxd1+ 36. Bxd1 Qa1 37. Qd6 Bh7 38. Qd3 Qa5 39. Bc2 Kh8 40. Qd6 Be5 41. Qc5 Nd7 42. Qc6 Rd8 43. Rd2 Nf6 44. Rxd8+ Qxd8 45. Qxb5 Qc7 46. Qd3 Bg8 47. Ne2 Nd7 48. Qc4 Qd6 49. Be1 Qb6+ 50. Kg2 Bd6 51. Bf2 Qd8 52. Qc6 Qe7 53. Nd4 f6 54. Nb5 Be5 55. Qc8 Kh7 56. Nc7 Bd6 57. Ne6 Bxe6 58. fxe6 Ne5 59. Bb6 g5 60. Bd1 Nd3 61. Bd8 Qa7 62. Qd7+ Qxd7 63. exd7 Ne5 64. Bxf6 Nxd7 65. Bd4 Be5 66. Ba7 Kg7 67. Be2 Bd6 68. Kf3 Bc5 69. Bxc5 Nxc5 70. Bc4 Kf6 71. Ke3 Ke5 72. Bd5 Nd7 73. Kd3 Nf6 74. Kc4 h5 75. gxh5 Nxh5 76. Kxb4 Nf4 77. Kc4 Nxh3 78. b4 g4 79. b5 Nf4 80. b6 Kd6 81. e5+ Kd7 82. Kd4 Ng6 83. e6+ Kd6 84. b7 Kc7 85. Be4 Ne7 86. Ke3 Ng8 87. Kf4 Nf6 88. e7 g3 89. Bc6 g2 90. Bxg2 1-0

[Event "IECG WC.2006.P.00013 email"]
[Site "IECG email"]
[Date "2003.01.22"]
[Round "?"]
[White "Percze, Rajmond"]
[Black "Marfia, Jim"]
[Result "1-0"]
[WhiteElo "2231"]
[BlackElo "2072"]
[PlyCount "67"]
[EventDate "2003.01.22"]
[EventType "tourn (corr)"]
[EventRounds "10"]
[SourceTitle "Corr 2008"]
[Source "ChessBase"]
[SourceDate "2008.06.24"]
[SourceVersion "1"]
[SourceVersionDate "2008.06.24"]
[SourceQuality "1"]

1. e4 c5 2. Nf3 Nc6 3. d4 cxd4 4. Nxd4 g6 5. Nc3 Bg7 6. Be3 Nf6 7. Bc4 Qa5 8. 0-0 0-0 9. Bb3 d6 10. h3 Bd7 11. f4 Nxd4 12. Bxd4 e5 13. Be3 exf4 14. Rxf4 Nh5 15. Rf3 Be5 16. Qd3 Be6 17. Rd1 Rac8 18. Nd5 Bxd5 19. Qxd5 Qxd5 20. Rxd5 b6 21. g4 Ng7 22. c3 Ne6 23. Bh6 Rfe8 24. Rd2 Rc7 25. Be3 f6 26. Bd5 Kg7 27. Rd1 Ng5 28. Bxg5 fxg5 29. Rdf1 Bf4 30. a3 h5 31. gxh5 gxh5 32. h4 Kh6 33. Kg2 Rg8 34. Bxg8 1-0

[Event "IECG CP.2002.P.00057 email"]
[Site "IECG email"]
[Date "2002.10.01"]
[Round "?"]
[White "Naik, Vidyut"]
[Black "Marfia, Jim"]
[Result "0-1"]
[WhiteElo "800"]
[BlackElo "2056"]
[PlyCount "49"]
[EventDate "2002.10.01"]
[EventType "tourn (corr)"]
[EventRounds "6"]
[EventCountry "FRA"]
[SourceTitle "Corr 2008"]
[Source "ChessBase"]
[SourceDate "2008.06.24"]
[SourceVersion "1"]
[SourceVersionDate "2008.06.24"]
[SourceQuality "1"]

1. e4 c5 2. d4 cxd4 3. Nf3 Nc6 4. c3 dxc3 5. Nxc3 d6 6. Bb5 a6 7. Ba4 b5 8. Bb3 e6 9. 0-0 Nf6 10. Re1 Bb7 11. Qd3 Nd7 12. Qd2 Nc5 13. Bc2 Be7 14. a3 Na5 15. Qe2 Nab3 16. Rb1 Nxc1 17. Rbxc1 0-0 18. Nd2 Bf6 19. Bd1 Rc8 20. f4 Bd4+ 21. Kh1 Rc7 22. Qf3 f5 23. b4 fxe4 24. Ncxe4 Nxe4 25. Nxe4 0-1

[Event "IECG QA.2002.0.00026"]
[Site "IECG email"]
[Date "2002.10.01"]
[Round "1"]
[White "Oppezzo, Sebastian"]
[Black "Marfia, Jim"]
[Result "1-0"]
[WhiteElo "2000"]
[BlackElo "2060"]
[PlyCount "117"]
[EventDate "2002.08.15"]
[EventType "tourn (corr)"]
[EventRounds "6"]
[SourceTitle "Corr 2024"]
[Source "ChessBase"]
[SourceDate "2023.10.19"]
[SourceVersion "1"]
[SourceVersionDate "2023.10.19"]
[SourceQuality "1"]

1. d4 Nf6 2. c4 c5 3. d5 b5 4. cxb5 a6 5. bxa6 g6 6. Nc3 Bxa6 7. e4 Bxf1 8. Kxf1 d6 9. Nf3 Bg7 10. h3 0-0 11. Kg1 Na6 12. Kh2 Qa5 13. Re1 Nd7 14. Bg5 Rfe8 15. Bd2 Reb8 16. Qe2 Nc7 17. Nd1 Qb5 18. Bc3 Bxc3 19. bxc3 Ra3 20. Nd2 Rba8 21. Nc4 R3a4 22. Nde3 Qa6 23. Reb1 Nb5 24. Qd2 Na3 25. Nxa3 Rxa3 26. Nc2 Ra4 27. f3 Ne5 28. a3 Kg7 29. Rb3 Nc4 30. Qc1 h6 31. Kg1 Na5 32. Rbb1 Nc4 33. Ra2 Qa7 34. f4 Re8 35. f5 Ne5 36. Qe3 Qa6 37. fxg6 fxg6 38. Re1 Rb8 39. Qg3 Rb3 40. Qh4 g5 41. Qh5 Qc8 42. Ne3 Rxe4 43. Qe2 Rxc3 44. Nf5+ Qxf5 45. Qxe4 Qxe4 46. Rxe4 Rc1+ 47. Kf2 Kf6 48. a4 Rb1 49. a5 Rb7 50. a6 Ra7 51. Re3 c4 52. g3 e6 53. dxe6 Kxe6 54. Re1 Kd5 55. Ke3 Kc5 56. Rb1 Nc6 57. Rb7 d5 58. Rxa7 Nxa7 59. Rb2 1-0

[Event "IECG QA.2002.0.00026"]
[Site "IECG email"]
[Date "2002.08.15"]
[Round "2"]
[White "Marfia, Jim"]
[Black "Sobirey, Michael"]
[Result "1-0"]
[WhiteElo "2060"]
[BlackElo "2048"]
[PlyCount "57"]
[EventDate "2002.08.15"]
[EventType "tourn (corr)"]
[EventRounds "6"]
[SourceTitle "Corr 2024"]
[Source "ChessBase"]
[SourceDate "2023.10.19"]
[SourceVersion "1"]
[SourceVersionDate "2023.10.19"]
[SourceQuality "1"]

1. e4 e6 2. d4 d5 3. e5 c5 4. c3 Nc6 5. Nf3 Qb6 6. a3 c4 7. Nbd2 Na5 8. Be2 Bd7 9. h4 Ne7 10. 0-0 Nf5 11. g4 Nh6 12. Ne1 Be7 13. Ng2 0-0 14. Re1 Rac8 15. Rb1 Qd8 16. g5 Nf5 17. Bg4 Bc6 18. Bxf5 exf5 19. Qf3 g6 20. Nf4 Re8 21. Nf1 Qd7 22. Be3 b5 23. Ng3 Nb7 24. Kg2 Nc5 25. Rh1 Ne6 26. Nxe6 fxe6 27. h5 Kg7 28. Ne2 Rh8 29. Nf4 1-0

[Event "IECG QA.2002.0.00026"]
[Site "IECG email"]
[Date "2002.08.15"]
[Round "1"]
[White "Sobirey, Michael"]
[Black "Marfia, Jim"]
[Result "0-1"]
[WhiteElo "2048"]
[BlackElo "2060"]
[PlyCount "58"]
[EventDate "2002.08.15"]
[EventType "tourn (corr)"]
[EventRounds "6"]
[SourceTitle "Corr 2024"]
[Source "ChessBase"]
[SourceDate "2023.10.19"]
[SourceVersion "1"]
[SourceVersionDate "2023.10.19"]
[SourceQuality "1"]

1. e4 c5 2. Nf3 Nc6 3. d4 cxd4 4. Nxd4 Nf6 5. Nc3 e5 6. Ndb5 d6 7. Bg5 a6 8. Na3 b5 9. Bxf6 gxf6 10. Nd5 f5 11. Bd3 Be6 12. 0-0 Bxd5 13. exd5 Ne7 14. Nxb5 Bg7 15. Nc3 e4 16. Bc4 Ng6 17. Qh5 Bxc3 18. bxc3 Qf6 19. Qe2 0-0 20. Bxa6 f4 21. Bb7 Rae8 22. Kh1 Re5 23. a4 Rfe8 24. Rfe1 f3 25. gxf3 exf3 26. Qf1 Nf4 27. a5 Re2 28. Ba6 Kh8 29. Bxe2 fxe2 0-1